[Event "Sebes GP op"]
[Site "Sebes"]
[Date "2023.11.05"]
[Round "10"]
[White "Siclovan, Cristian Daniel"]
[Black "Tudoroiu, Razvan Catalin"]
[Result "0-1"]
[WhiteElo "2139"]
[BlackElo "1993"]
[PlyCount "68"]
[EventDate "2023.11.04"]
[EventType "swiss"]
[EventRounds "10"]
[EventCountry "ROU"]
[SourceTitle "CB46_2023"]
[SourceDate "2023.11.15"]
[SourceVersion "1"]
[SourceVersionDate "2023.11.15"]
[SourceQuality "1"]

1. e4 c5 2. c3 d5 3. exd5 Qxd5 4. d4 Nc6 5. Nf3 Bf5 6. Be2 cxd4 7. cxd4 Bxb1 8. Rxb1 e6 9. a3 Nf6 10. 0-0 Rd8 11. Be3 Be7 12. Qa4 0-0 13. Rfd1 Ng4 14. b4 Nxe3 15. fxe3 Qe4 16. Qb3 Bf6 17. Nd2 Qh4 18. Bf3 Ne7 19. Bxb7 Nf5 20. Nf1 Bg5 21. Re1 Rd7 22. Ba6 Rfd8 23. Bd3 Nxd4 24. exd4 Qxd4+ 25. Kh1 Qxd3 26. Qxd3 Rxd3 27. a4 Ra3 28. a5 g6 29. Ng3 Bh4 30. Red1 Rxd1+ 31. Rxd1 Rb3 32. Ne4 Rxb4 33. g3 Rxe4 34. gxh4 Ra4 0-1

[Event "Arad op"]
[Site "Arad"]
[Date "2013.08.08"]
[Round "8"]
[White "Anton, Teodor"]
[Black "Siclovan, Cristian Daniel"]
[Result "1-0"]
[WhiteElo "2442"]
[BlackElo "2131"]
[PlyCount "57"]
[EventDate "2013.08.03"]
[EventType "swiss"]
[EventRounds "9"]
[EventCountry "ROU"]
[SourceTitle "CBM 155 Extra"]
[Source "ChessBase"]
[SourceDate "2013.08.26"]
[SourceVersion "1"]
[SourceVersionDate "2013.08.26"]
[SourceQuality "1"]

1. c4 Nf6 2. Nc3 e6 3. e4 d5 4. e5 Nfd7 5. d4 dxc4 6. Bxc4 Nb6 7. Bb3 Bd7 8. Nge2 Bc6 9. Nf4 Qd7 10. 0-0 Na6 11. a3 0-0-0 12. Qe2 g5 13. Nh5 Be7 14. Rd1 Nb8 15. Be3 h6 16. Rac1 Nd5 17. Ne4 Ba4 18. Bxa4 Qxa4 19. Rc4 Qd7 20. Rdc1 Nb6 21. Nhf6 Bxf6 22. Nd6+ Qxd6 23. exd6 Nxc4 24. dxc7 Kxc7 25. Rxc4+ Nc6 26. Qf3 Bxd4 27. Bxd4 Rxd4 28. Rxd4 Nxd4 29. Qc3+ 1-0

[Event "ROM-ch"]
[Site "Baile Olanesti"]
[Date "2013.02.22"]
[Round "9"]
[White "Vrencian, Lehel"]
[Black "Siclovan, Cristian Daniel"]
[Result "1/2-1/2"]
[WhiteElo "1934"]
[BlackElo "2174"]
[PlyCount "143"]
[EventDate "2013.02.16"]
[EventType "swiss"]
[EventRounds "11"]
[EventCountry "ROU"]
[SourceTitle "CBM 153 Extra"]
[Source "ChessBase"]
[SourceDate "2013.04.22"]
[SourceVersion "1"]
[SourceVersionDate "2013.04.22"]
[SourceQuality "1"]

1. e4 e6 2. d4 d5 3. Nd2 Nf6 4. e5 Nfd7 5. Bd3 c5 6. c3 Nc6 7. Ngf3 b6 8. a3 Qc7 9. 0-0 a5 10. Re1 Be7 11. Nf1 Bb7 12. Bc2 h6 13. h3 0-0-0 14. Qe2 Rde8 15. Bf4 f5 16. exf6 Qxf4 17. fxe7 Rxe7 18. Ng3 Rf8 19. Ba4 Kd8 20. Bxc6 Bxc6 21. dxc5 bxc5 22. Qa6 Qc7 23. b4 axb4 24. axb4 e5 25. bxc5 Nxc5 26. Qe2 e4 27. Nd4 Nd3 28. Rf1 Bb7 29. Ngf5 Re5 30. Qg4 Rf7 31. Qh4+ g5 32. Qxh6 Rfxf5 33. Nxf5 Rxf5 34. Qh8+ Ke7 35. Qg7+ Rf7 36. Qxg5+ Kf8 37. Qh6+ Kg8 38. Ra7 Qc6 39. Qg5+ Rg7 40. Qd8+ Kh7 41. Qh4+ Qh6 42. Qxh6+ Kxh6 43. Rb1 Bc8 44. Rxg7 Kxg7 45. Rb6 Kf7 46. h4 Nf4 47. g3 Nh5 48. Rb5 Be6 49. c4 Nf6 50. Rb7+ Kg6 51. Rb6 Kf5 52. cxd5 Bxd5 53. Kf1 Bf7 54. Rb5+ Ke6 55. Ke2 Nd5 56. Ra5 Bh5+ 57. Kd2 Ke5 58. Ra8 Nf6 59. Rd8 Ng4 60. Rf8 Nf6 61. Rc8 Nd5 62. Rh8 Nf6 63. Rh6 Bf3 64. Kc3 Ng4 65. Rh5+ Kf6 66. Rh8 Nxf2 67. Kd4 Ng4 68. Re8 Kf5 69. Rf8+ Nf6 70. g4+ Bxg4 71. Rxf6+ Kxf6 72. Kxe4 1/2-1/2

[Event "ROM-ch"]
[Site "Baile Olanesti"]
[Date "2013.02.20"]
[Round "6"]
[White "Siclovan, Cristian Daniel"]
[Black "Andreescu, Darie Ioan"]
[Result "1/2-1/2"]
[WhiteElo "2174"]
[BlackElo "1893"]
[PlyCount "82"]
[EventDate "2013.02.16"]
[EventType "swiss"]
[EventRounds "11"]
[EventCountry "ROU"]
[SourceTitle "CBM 153 Extra"]
[Source "ChessBase"]
[SourceDate "2013.04.22"]
[SourceVersion "1"]
[SourceVersionDate "2013.04.22"]
[SourceQuality "1"]

1. e4 c5 2. c3 Nf6 3. e5 Nd5 4. d4 cxd4 5. cxd4 d6 6. f4 Nc6 7. Nc3 dxe5 8. fxe5 Bf5 9. a3 e6 10. g3 Qb6 11. Nge2 Nxc3 12. bxc3 Be4 13. Rg1 Rd8 14. Bd2 Nxe5 15. dxe5 Bc5 16. Rg2 Bxg2 17. Bxg2 0-0 18. Qc2 Qc7 19. Bf4 Bb6 20. Qe4 Qc5 21. Qf3 f6 22. exf6 Rxf6 23. Rd1 Qf2+ 24. Qxf2 Bxf2+ 25. Kxf2 Rxd1 26. Ke3 Rf7 27. h4 Ra1 28. Bd6 Rd7 29. Bb4 a5 30. Bxa5 Rxa3 31. Bb4 Ra6 32. Bh3 Kf7 33. Nf4 Kf6 34. c4 g6 35. g4 Rb6 36. g5+ Kf7 37. Bc5 Rc6 38. Bd4 Re7 39. Nd3 e5 40. Nxe5+ Rxe5+ 41. Bxe5 Rxc4 1/2-1/2

[Event "ROM-ch"]
[Site "Baile Olanesti"]
[Date "2013.02.18"]
[Round "3"]
[White "Jugaru, Lucian"]
[Black "Siclovan, Cristian Daniel"]
[Result "1/2-1/2"]
[WhiteElo "1941"]
[BlackElo "2174"]
[PlyCount "55"]
[EventDate "2013.02.16"]
[EventType "swiss"]
[EventRounds "11"]
[EventCountry "ROU"]
[SourceTitle "CBM 153 Extra"]
[Source "ChessBase"]
[SourceDate "2013.04.22"]
[SourceVersion "1"]
[SourceVersionDate "2013.04.22"]
[SourceQuality "1"]

1. d4 Nf6 2. c4 e6 3. Nc3 d5 4. e3 Be7 5. Nf3 Nbd7 6. b3 b6 7. cxd5 exd5 8. Bd3 Bb7 9. Qc2 c5 10. 0-0 Rc8 11. Bb2 0-0 12. Rac1 g6 13. Rfd1 Re8 14. Qb1 Bd6 15. Ne2 Qe7 16. Ng3 Rc7 17. Qa1 a6 18. dxc5 bxc5 19. Bf5 Bxg3 20. Bxd7 Bxf2+ 21. Kxf2 Qxe3+ 22. Kf1 Ne4 23. Rc2 Rxd7 24. Bc1 Nd2+ 25. Rdxd2 a5 26. Rf2 Qe4 27. Bh6 d4 28. Qc1 1/2-1/2

[Event "ROM-chT"]
[Site "Mamaia"]
[Date "2012.09.26"]
[Round "5.6"]
[White "Dragomirescu, Robin Alexandru"]
[Black "Siclovan, Cristian Daniel"]
[Result "1/2-1/2"]
[WhiteElo "2390"]
[BlackElo "2159"]
[PlyCount "61"]
[EventDate "2012.09.22"]
[EventType "team-tourn"]
[EventRounds "9"]
[EventCountry "ROU"]
[SourceTitle "CBM 150 Extra"]
[Source "ChessBase"]
[SourceDate "2012.10.19"]
[SourceVersion "1"]
[SourceVersionDate "2012.10.19"]
[SourceQuality "1"]
[WhiteTeam "Timisoara Luxten"]
[BlackTeam "Timisoara Sinandrei"]
[WhiteTeamCountry "ROU"]
[BlackTeamCountry "ROU"]

1. e4 e6 2. d4 d5 3. Nc3 Bb4 4. e5 c5 5. a3 Bxc3+ 6. bxc3 Qc7 7. Qg4 f5 8. Qg3 cxd4 9. cxd4 Ne7 10. Ne2 Nec6 11. c3 Na5 12. Rb1 b6 13. Nf4 0-0 14. h4 Qf7 15. h5 Ba6 16. Bxa6 Nxa6 17. h6 g6 18. Nh5 Rfc8 19. Nf6+ Kh8 20. Qd3 Nb8 21. g4 Nd7 22. Nxd7 Qxd7 23. gxf5 exf5 24. Kf1 Rc6 25. Kg2 Rac8 26. Bd2 Nc4 27. Bc1 Kg8 28. Qf3 Kf7 29. a4 Ke6 30. Rb4 R6c7 31. Qf4 1/2-1/2

[Event "Arad op"]
[Site "Arad"]
[Date "2012.07.27"]
[Round "8"]
[White "Siclovan, Cristian Daniel"]
[Black "Ambru, Dan Calin"]
[Result "1-0"]
[WhiteElo "2196"]
[BlackElo "1918"]
[PlyCount "68"]
[EventDate "2012.07.27"]
[EventType "swiss"]
[EventRounds "9"]
[EventCountry "ROU"]
[SourceTitle "CBM 149 Extra"]
[Source "ChessBase"]
[SourceDate "2012.08.24"]
[SourceVersion "1"]
[SourceVersionDate "2012.08.24"]
[SourceQuality "1"]

1. e4 Nc6 2. d4 e5 3. dxe5 Nxe5 4. f4 Nc6 5. Nc3 Bc5 6. Bc4 d6 7. Nf3 Nf6 8. Qe2 Bg4 9. Bb5 0-0 10. Bxc6 bxc6 11. h3 Bf5 12. e5 Nd5 13. Nxd5 cxd5 14. b3 a5 15. Bb2 a4 16. 0-0-0 axb3 17. axb3 Ra2 18. Nd4 Be4 19. Nb5 Bb4 20. Rd4 c5 21. Rxe4 dxe4 22. c3 Qa5 23. cxb4 Qxb4 24. Qc4 Qa5 25. Nc3 d5 26. Qe2 Ra3 27. Kc2 d4 28. Nxe4 Ra2 29. Qc4 Rd8 30. Nxc5 Qa8 31. Rd1 Qxg2+ 32. Rd2 Rxb2+ 33. Kxb2 Qxd2+ 34. Qc2 Qxf4 1-0

[Event "Albena Masters op"]
[Site "Albena"]
[Date "2012.05.30"]
[Round "5"]
[White "Siclovan, Cristian Daniel"]
[Black "Dragicevic, Drazen"]
[Result "0-1"]
[WhiteElo "2180"]
[BlackElo "2301"]
[PlyCount "88"]
[EventDate "2012.05.26"]
[EventType "swiss"]
[EventRounds "9"]
[EventCountry "BUL"]
[SourceTitle "CBM 148 Extra"]
[Source "ChessBase"]
[SourceDate "2012.06.22"]
[SourceVersion "1"]
[SourceVersionDate "2012.06.22"]
[SourceQuality "1"]

1. e4 c5 2. c3 d5 3. exd5 Qxd5 4. d4 Nf6 5. Nf3 Nc6 6. Be2 cxd4 7. cxd4 e6 8. 0-0 Be7 9. Nc3 Qd6 10. a3 0-0 11. Be3 a6 12. Qc1 Qc7 13. Rd1 Rd8 14. Qc2 b5 15. Nxb5 axb5 16. Bxb5 Bb7 17. Ne5 Rac8 18. Rac1 Rd6 19. Nxc6 Rxc6 20. Bxc6 Bxc6 21. b4 Ng4 22. g3 Nxe3 23. fxe3 Qd7 24. b5 Bb7 25. Qb3 Ra8 26. a4 Bd5 27. Qc2 Bg5 28. Re1 Bb7 29. Rcd1 f5 30. Qb3 h5 31. h4 Bd5 32. Qc2 Qd6 33. Qf2 Bd8 34. Ra1 Bc7 35. Kh2 Qe7 36. Kh3 g5 37. e4 Bxe4 38. Rxe4 fxe4 39. Qe3 g4+ 40. Kg2 Rf8 41. Qxe4 Qf6 42. Re1 Qf2+ 43. Kh1 Rf6 44. Qe3 Bxg3 0-1

[Event "Subotica Spartak"]
[Site "Subotica"]
[Date "2012.04.26"]
[Round "9"]
[White "Somborski, Nebojsa"]
[Black "Siclovan, Cristian Daniel"]
[Result "1-0"]
[WhiteElo "2347"]
[BlackElo "2165"]
[PlyCount "199"]
[EventDate "2012.04.20"]
[EventType "tourn"]
[EventRounds "9"]
[EventCountry "SRB"]
[EventCategory "3"]
[SourceTitle "CBM 148 Extra"]
[Source "ChessBase"]
[SourceDate "2012.06.22"]
[SourceVersion "1"]
[SourceVersionDate "2012.06.22"]
[SourceQuality "1"]

1. e4 e6 2. d4 d5 3. Nd2 Nf6 4. e5 Nfd7 5. c3 c5 6. Bd3 Nc6 7. Ne2 cxd4 8. cxd4 f6 9. exf6 Qxf6 10. Nf3 h6 11. 0-0 Bd6 12. Ng3 0-0 13. a3 Rd8 14. Re1 Nf8 15. b4 a6 16. Bb2 Bd7 17. Ne5 Bxe5 18. dxe5 Qh4 19. Ne2 Be8 20. g3 Qg4 21. Nd4 Qxd1 22. Raxd1 Nxd4 23. Bxd4 Bg6 24. Be2 Nd7 25. f4 Rdc8 26. Rc1 Bc2 27. Kf2 Kf7 28. h4 Ke7 29. h5 b5 30. Ke3 Be4 31. g4 Kf7 32. Kd2 Nf8 33. Rf1 Ke8 34. Bf2 Kd8 35. Bb6+ Ke8 36. Ke3 Nd7 37. Bd4 Nf8 38. Rfe1 Kd8 39. Bb6+ Ke8 40. Rg1 Nd7 41. Bd4 Kf7 42. Rgf1 Ke8 43. Kd2 Ke7 44. Rxc8 Rxc8 45. Rc1 Rxc1 46. Kxc1 Kd8 47. Kd2 Nb8 48. Bc5 Ke8 49. Kc3 Kf7 50. Ba7 Nc6 51. Bb6 Ke7 52. Bd1 Nb8 53. Bc5+ Ke8 54. Kd4 Nd7 55. Ba7 Kd8 56. Ke3 Kc7 57. a4 Kb7 58. Bd4 Kc6 59. a5 Kc7 60. Be2 Kc6 61. Bf1 Kc7 62. Bh3 Kd8 63. f5 Ke7 64. Kf4 Bd3 65. Bg2 Bc4 66. Ke3 Kf7 67. Bf3 Ke7 68. Bd1 Kf7 69. Bc2 Nf8 70. Kf4 Be2 71. Bc5 Bc4 72. Ke3 Bf1 73. Bb1 Bc4 74. Kf4 Bf1 75. Bc2 Be2 76. Bb1 Bf1 77. Ke3 Bc4 78. Bd4 Bf1 79. Bc2 Bc4 80. Bb6 Bf1 81. Kf3 Bc4 82. Bf2 Bf1 83. Be3 Bc4 84. Bd4 Bf1 85. Bf2 Bc4 86. Bh4 Bf1 87. Kf4 Be2 88. Bf2 Bc4 89. Ke3 Bf1 90. Bg3 Bc4 91. Bf4 Ke7 92. f6+ gxf6 93. exf6+ Kxf6 94. Bxh6 Nd7 95. g5+ Ke7 96. Bg7 e5 97. h6 Kf7 98. g6+ Kg8 99. Bf5 d4+ 100. Kd2 1-0

[Event "Subotica Spartak"]
[Site "Subotica"]
[Date "2012.04.24"]
[Round "7"]
[White "Siclovan, Cristian Daniel"]
[Black "Nadj Hedjesi, Balind"]
[Result "0-1"]
[WhiteElo "2165"]
[BlackElo "2386"]
[PlyCount "138"]
[EventDate "2012.04.20"]
[EventType "tourn"]
[EventRounds "9"]
[EventCountry "SRB"]
[EventCategory "3"]
[SourceTitle "CBM 148 Extra"]
[Source "ChessBase"]
[SourceDate "2012.06.22"]
[SourceVersion "1"]
[SourceVersionDate "2012.06.22"]
[SourceQuality "1"]

1. e4 c5 2. c3 d5 3. exd5 Qxd5 4. d4 g6 5. Nf3 Bg7 6. Be3 cxd4 7. cxd4 Nh6 8. Nc3 Qa5 9. h3 0-0 10. g4 f5 11. Qb3+ Nf7 12. Bc4 e6 13. Bxe6 Bxe6 14. Qxe6 Nc6 15. 0-0-0 Rae8 16. Qd5 Qxd5 17. Nxd5 Nd6 18. g5 f4 19. Nxf4 Re4 20. d5 Nb4 21. a3 Rexf4 22. Ne1 Na6 23. Bxf4 Rxf4 24. Nd3 Rf5 25. f4 Nc7 26. Nc5 Nxd5 27. Ne6 Nf7 28. Rhe1 h5 29. Re4 Bf8 30. Red4 Nb6 31. Kc2 a5 32. b4 a4 33. h4 Bg7 34. Nxg7 Kxg7 35. R1d3 Kf8 36. Kd2 Ke7 37. Re3+ Kf8 38. Red3 Kg7 39. Ke3 Kf8 40. Ke2 Kg7 41. Ke3 Kg8 42. Ke2 Nc8 43. Ke3 b5 44. Ke4 Nb6 45. Ke3 Kf8 46. Ke2 Nc4 47. Ke1 Ke7 48. Re4+ Kf8 49. Red4 Kg8 50. Ke2 Kg7 51. Ke1 Nfd6 52. Rxd6 Nxd6 53. Rxd6 Rxf4 54. Rd7+ Kf8 55. Rb7 Rxh4 56. Rxb5 Rh3 57. Rb6 Kf7 58. Rf6+ Kg7 59. Ra6 Rxa3 60. b5 Rb3 61. b6 Kf7 62. Rxa4 Rxb6 63. Rf4+ Ke7 64. Rf3 Rb5 65. Rg3 Ke6 66. Kf2 Kf5 67. Kg2 Kf4 68. Kf2 Rxg5 69. Ra3 Re5 0-1

[Event "ROM-chT Div-A"]
[Site "Slanic Moldova"]
[Date "2011.10.06"]
[Round "6"]
[White "Siclovan, Cristian Daniel"]
[Black "Covrig, Ionel"]
[Result "1-0"]
[WhiteElo "2156"]
[BlackElo "2002"]
[PlyCount "79"]
[EventDate "2011.10.03"]
[EventType "team-tourn"]
[EventRounds "9"]
[EventCountry "ROU"]
[SourceTitle "CBM 144 Extra"]
[Source "ChessBase"]
[SourceDate "2011.10.28"]
[SourceVersion "1"]
[SourceVersionDate "2011.10.28"]
[SourceQuality "1"]

1. e4 d5 2. exd5 Qxd5 3. d4 Nf6 4. c4 Qd6 5. Nc3 c6 6. Nf3 Bg4 7. Be2 e6 8. Be3 Qc7 9. a3 Bd6 10. h3 Bh5 11. d5 exd5 12. cxd5 cxd5 13. Nxd5 Qa5+ 14. Nc3 Ne4 15. b4 Nxc3 16. Qxd6 Qd5 17. Qxd5 Nxd5 18. Bb5+ Nc6 19. Ne5 Nxe3 20. fxe3 a6 21. Bxc6+ bxc6 22. Nxc6 Rc8 23. Nd4 Bg6 24. Kd2 Be4 25. Rhc1 Ke7 26. g3 f5 27. a4 Rhd8 28. b5 Rxc1 29. Rxc1 axb5 30. axb5 Kd6 31. Ra1 Rd7 32. Kc3 Kc5 33. Ra5 Kb6 34. Kb4 g6 35. Ra6+ Kb7 36. Nb3 Rd1 37. Nc5+ Kb8 38. Rf6 Rb1+ 39. Ka5 Bg2 40. Kb6 1-0

[Event "Senta op-A 15th"]
[Site "Senta"]
[Date "2011.07.23"]
[Round "9"]
[White "Nestorovic, Lazar"]
[Black "Siclovan, Cristian Daniel"]
[Result "1/2-1/2"]
[WhiteElo "2428"]
[BlackElo "2116"]
[PlyCount "62"]
[EventDate "2011.07.16"]
[EventType "swiss"]
[EventRounds "9"]
[EventCountry "SRB"]
[SourceTitle "CBM 143 Extra"]
[Source "ChessBase"]
[SourceDate "2011.08.29"]
[SourceVersion "1"]
[SourceVersionDate "2011.08.29"]
[SourceQuality "1"]

1. e4 e6 2. d4 d5 3. Nc3 Bb4 4. e5 c5 5. a3 Bxc3+ 6. bxc3 Qc7 7. Bd2 Nc6 8. Qg4 f5 9. Qh5+ Qf7 10. Qxf7+ Kxf7 11. dxc5 Nxe5 12. f4 Nd7 13. Be3 Ngf6 14. c4 Re8 15. Nf3 e5 16. 0-0-0 exf4 17. Bxf4 Nxc5 18. cxd5 Nce4 19. Bc4 Bd7 20. Ne5+ Kf8 21. Nxd7+ Nxd7 22. Bb5 Red8 23. Bc7 Nf2 24. Bxd8 Rxd8 25. Bxd7 Rxd7 26. Rhf1 Nxd1 27. Rxf5+ Ke7 28. Kxd1 g6 29. Re5+ Kd6 30. Rg5 Kc5 31. Ke2 Rxd5 1/2-1/2

[Event "Senta op-A 15th"]
[Site "Senta"]
[Date "2011.07.21"]
[Round "7"]
[White "Amstadt, Aron"]
[Black "Siclovan, Cristian Daniel"]
[Result "1/2-1/2"]
[WhiteElo "2281"]
[BlackElo "2116"]
[PlyCount "104"]
[EventDate "2011.07.16"]
[EventType "swiss"]
[EventRounds "9"]
[EventCountry "SRB"]
[SourceTitle "CBM 143 Extra"]
[Source "ChessBase"]
[SourceDate "2011.08.29"]
[SourceVersion "1"]
[SourceVersionDate "2011.08.29"]
[SourceQuality "1"]

1. d4 Nf6 2. c4 e6 3. Nc3 d5 4. cxd5 exd5 5. Bg5 Be7 6. e3 0-0 7. Bd3 c6 8. Qc2 h6 9. Bh4 Re8 10. Nge2 Ne4 11. Bxe7 Qxe7 12. Bxe4 dxe4 13. Nf4 Na6 14. a3 Bf5 15. 0-0 g5 16. Nfe2 Qe6 17. Rfd1 Rad8 18. Qa4 Bg6 19. b4 Qc4 20. d5 cxd5 21. Rd4 Qc8 22. Nxd5 Kg7 23. h3 Re5 24. Rc1 Qb8 25. Qb3 f5 26. Qc3 Bf7 27. Nc7 Kf6 28. Nxa6 bxa6 29. Rxd8 Qxd8 30. Nd4 Bd5 31. Rd1 Bb7 32. Rc1 Qb6 33. Nb3 Qd6 34. Nc5 Bd5 35. Rd1 Qc6 36. h4 f4 37. hxg5+ hxg5 38. exf4 gxf4 39. Qh3 Kg6 40. Nd7 Rg5 41. Nf8+ Kg7 42. Nh7 Rg6 43. Qh5 Bb3 44. Rd8 e3 45. Qe5+ Kh6 46. Qxf4+ Kxh7 47. Qh4+ Kg7 48. Qh8+ Kf7 49. Qf8+ Ke6 50. Re8+ Kd5 51. Qf3+ Kd6 52. Qf8+ Kd5 1/2-1/2

[Event "Senta op-A 15th"]
[Site "Senta"]
[Date "2011.07.17"]
[Round "2"]
[White "Radovanovic, Dusan"]
[Black "Siclovan, Cristian Daniel"]
[Result "1-0"]
[WhiteElo "2372"]
[BlackElo "2116"]
[PlyCount "51"]
[EventDate "2011.07.16"]
[EventType "swiss"]
[EventRounds "9"]
[EventCountry "SRB"]
[SourceTitle "CBM 143 Extra"]
[Source "ChessBase"]
[SourceDate "2011.08.29"]
[SourceVersion "1"]
[SourceVersionDate "2011.08.29"]
[SourceQuality "1"]

1. e4 e6 2. d4 d5 3. Nc3 Bb4 4. e5 c5 5. a3 Bxc3+ 6. bxc3 Qc7 7. h4 b6 8. h5 cxd4 9. cxd4 Qc3+ 10. Bd2 Qxd4 11. Nf3 Qc5 12. Bb4 Qc7 13. c4 Bb7 14. Rc1 dxc4 15. Rxc4 Nc6 16. Bd6 Qd7 17. Rh3 Nge7 18. h6 g6 19. Ng5 Nd5 20. Rf3 f6 21. Rxf6 Nxf6 22. exf6 0-0-0 23. Ne4 Rhf8 24. Rc1 Rfe8 25. Bb5 a6 26. Rxc6+ 1-0

[Event "ROM-ch op"]
[Site "Sarata Monteoru"]
[Date "2011.02.17"]
[Round "7"]
[White "Doros, Radu Marian"]
[Black "Siclovan, Cristian Daniel"]
[Result "1/2-1/2"]
[WhiteElo "2348"]
[BlackElo "2086"]
[PlyCount "67"]
[EventDate "2011.02.12"]
[EventType "swiss"]
[EventRounds "11"]
[EventCountry "ROU"]
[SourceTitle "CBM 140 Extra"]
[Source "ChessBase"]
[SourceDate "2011.03.01"]
[SourceVersion "1"]
[SourceVersionDate "2011.03.01"]
[SourceQuality "1"]

1. d4 e6 2. c4 d5 3. Nc3 Nf6 4. cxd5 exd5 5. Bg5 Be7 6. e3 0-0 7. Bd3 c6 8. Qc2 h6 9. Bh4 Re8 10. Nge2 Nbd7 11. 0-0-0 b6 12. Kb1 Bb7 13. f3 c5 14. Bf2 a6 15. Bf5 c4 16. e4 g6 17. Bxd7 Qxd7 18. e5 Nh5 19. g4 Ng7 20. Ng3 b5 21. h4 b4 22. Nce2 Qb5 23. h5 g5 24. Nf5 Nxf5 25. gxf5 b3 26. Qc1 bxa2+ 27. Ka1 Bc8 28. Ng3 Rb8 29. f6 Bb4 30. Be1 Be6 31. Ne2 Bxe1 32. Rdxe1 Kh8 33. Rh2 Bf5 34. Nc3 1/2-1/2